000 00615nam a2200193Ia 4500
003 OSt
005 20251013142746.0
008 220926b |||||||| |||| 00| 0 eng d
037 _cReference
040 _aRTL
_cRTL
_beng
041 _2eng
_aeng
084 _aX:3M24xL70,J6/SC
_qRTL
100 _aHegel Georg. Wilhelm Friedrich.
_9371192
245 0 _aPhilosophy of history
260 _aNew
_bYork Dover Publications
_c1956
300 _axvi,457p.
_ccm.
_bIncludes bibliographical references and index.
942 _hX:3M24xL70, J6/SC
_cREF
_2CC
_n0
999 _c691419
_d691419